Letters to Ephesians and Philemon in the Koinonia "Cotton patch" version. (Record no. 5828)

000 -LEADER
fixed length control field 00679nam a2200193 a 4500
001 - CONTROL NUMBER
control field :::00003570$&:&@@
003 - CONTROL NUMBER IDENTIFIER
control field OkBaRHE
005 - DATE AND TIME OF LATEST TRANSACTION
control field 20000607103307.0
008 - FIXED-LENGTH DATA ELEMENTS--GENERAL INFORMATION
fixed length control field s1963 j 000 0 eng u
040 ## - CATALOGING SOURCE
Transcribing agency
100 1# - MAIN ENTRY--PERSONAL NAME
Personal name Jordan, Clarence L.
245 10 - TITLE STATEMENT
Title Letters to Ephesians and Philemon in the Koinonia "Cotton patch" version.
260 ## - PUBLICATION, DISTRIBUTION, ETC. (IMPRINT)
Place of publication, distribution, etc Americus, GA., :
Name of publisher, distributor, etc Koinonia Farm
Date of publication, distribution, etc c1963
300 ## - PHYSICAL DESCRIPTION
Extent 7 p. ;
Dimensions 22 cm.
650 ## - SUBJECT ADDED ENTRY--TOPICAL TERM
Topical term or geographic name as entry element Bible New Testament Ephesians
General subdivision Paraphrases, English
650 ## - SUBJECT ADDED ENTRY--TOPICAL TERM
Topical term or geographic name as entry element Bible New Testament Philemon
General subdivision Paraphrases, English
942 ## - ADDED ENTRY ELEMENTS (KOHA)
Source of classification or shelving scheme
Koha item type Books
Copies
Koha item type Date last seen Shelving location Source of classification or shelving scheme Withdrawn status Not for loan Permanent Location Price effective from Lost status Full call number Date acquired Barcode Copy number Damaged status
Books2018-04-03General Stacks   RHEMA Bible Training College2010-04-14 BS 2695 .J5892010-04-1435701